Statistics for Guess the lyrics (#10)

Click here to take the quiz!

General Stats

  • This quiz has been taken 334 times
  • The average score is 50 of 93

Answer Stats

Answer% Correct
I
99%
I
99%
I
99%
I
99%
I
99%
I
99%
I
99%
I
99%
a
98%
a
98%
you
91%
you
91%
you
91%
you
91%
you
91%
the
90%
the
90%
the
90%
the
90%
the
90%
the
90%
the
90%
the
90%
the
90%
the
90%
and
81%
And
81%
And
81%
And
81%
And
81%
and
81%
in
73%
in
73%
am
71%
hear
69%
hear
69%
it
69%
it
69%
on
69%
on
69%
is
68%
is
68%
can
65%
for
60%
for
60%
for
60%
if
56%
that
55%
want
50%
want
50%
all
49%
ever
46%
time
46%
like
45%
don't
44%
need
41%
need
41%
But
40%
know
40%
than
36%
more
32%
won't
32%
down
27%
look
26%
rain
24%
singing
21%
line
19%
line
19%
sun
17%
through
17%
road
16%
still
16%
still
16%
county
14%
lineman
14%
lineman
14%
lineman
14%
Wichita
13%
Wichita
13%
drive
12%
another
11%
main
11%
small
11%
whine
11%
stand
10%
overload
9%
searchin'
9%
vacation
9%
wire
8%
snows
7%
south
7%
strain
7%
stretch
6%

Score Distribution

Percentile by Number Answered

Percent of People with Each Score

Your Score History

You have not taken this quiz